Kreise und kreisfreie Städte in Nordrhein-Westfalen - Statistiken

Allgemein
  • Dieses Quiz wurde 7.175 mal gespielt
  • Das Durchschnittsergebnis liegt bei 33 aus 53
Antworten auf der Karte
Die Antworten werden auf der Karte rot bzw. grün angezeigt, abhängig davon wie oft sie richtig erraten wurden.
 
Antwortstatistiken
Antwort % Korrekt
Köln
97%
Dortmund
94%
Düsseldorf
94%
Aachen
91%
Essen
90%
Bonn
88%
Duisburg
88%
Münster
87%
Bielefeld
86%
Bochum
86%
Gelsenkirchen
86%
Wuppertal
79%
Leverkusen
78%
Mönchengladbach
77%
Paderborn
77%
Oberhausen
73%
Hamm
71%
Siegen-Wittgenstein
70%
Krefeld
68%
Herne
67%
Hagen
66%
Recklinghausen
65%
Rhein-Kreis Neuss
64%
Solingen
64%
Bottrop
63%
Mülheim an der Ruhr
62%
Gütersloh
57%
Rheinisch-Bergischer Kreis
57%
Unna
56%
Düren
54%
Hochsauerlandkreis
54%
Kleve
54%
Minden-Lübbecke
54%
Lippe
53%
Remscheid
53%
Mettmann
49%
Soest
49%
Rhein-Sieg-Kreis
47%
Euskirchen
46%
Wesel
46%
Höxter
45%
Coesfeld
44%
Olpe
44%
Viersen
44%
Borken
43%
Heinsberg
43%
Herford
42%
Steinfurt
41%
Warendorf
41%
Ennepe-Ruhr-Kreis
40%
Rhein-Erft-Kreis
40%
Märkischer Kreis
39%
Oberbergischer Kreis
34%
Keine übereinstimmenden Quizze gefunden
Verteilung der Resultate
Anzahl Personen mit jedem Resultat
Perzentil nach korrekt beantworteten Fragen
Ihre Resultats-Entwicklung
Sie haben dieses Quiz noch nicht gespielt